| 000 | 00590nam a2200181Ia 4500 | ||
|---|---|---|---|
| 008 | 100920s9999 xx 000 0 und d | ||
| 082 |
_b275 _a539 थ 69 |
||
| 100 | _aसोवनी रा. वि. | ||
| 245 | _aचंद्रावरील स्वारी. | ||
| 260 |
_bटिळक ज.श्री., पुणे30. _c1969 |
||
| 300 |
_a275 _bसाधी |
||
| 365 | _b1.5 | ||
| 520 | _aशाआ. | ||
| 630 | _aचंद्रावरील स्वारी. | ||
| 650 | _aशाआ. | ||
| 730 | _aचंद्रावरील स्वारी. | ||
| 942 | _cBOOK | ||
| 999 |
_c671295 _d671292 |
||